000 01391nam0a22002771 4500
001 rc\4587238
005 20130416192131.3
021 _aRU
_b[61-13106]
035 _a(NLR Aleph) 008659742
090 _a9053886
_c9053886
100 _a20130416d1961 |||y0rusy50 ca
101 0 _arus
102 _aRU
105 _ay c |||||
200 1 _aМетодические указания по организации физиотерапевтической помощи в городских и сельских лечебно-профилактических учреждениях
_eУтв. Учен. советом МЗУССР 31/VIII 1960 г.
_fМ-во здравоохранения УССР. Укр. науч.-исслед. ин-т ортопедии и травматологии в г. Киеве
210 _aКиев
_cБ. и.
_d1961
215 _a24 с.
_d20
300 _aНа обороте тит. л. сост.: д-р мед. наук, проф. С.Н. Финогенов
606 _aФизиотерапевтическая помощь
_2psbo
702 1 _aФиногенов
_bС. Н.
_gСергей Николаевич
_4220
712 0 1 _aУССР
_bМинистерство здравоохранения
_bУченый совет
_3RU\NLR\AUTH\8810140497
801 0 _aRU
_bNLR
_gpsbo
801 1 _aRU
_bELAR
_2rusmarc
852 _aNLR
_j61-4/3239
942 _cBOOK
980 _aNB